SSC recruitment of sub-inspectors in Delhi police, CAPFs and assistant sub-inspectors in CISF and intelligence officer in NCB examination : (Record no. 82460)

MARC details
000 -LEADER
fixed length control field 00732nam a22001817a 4500
005 - DATE AND TIME OF LATEST TRANSACTION
control field 20140411124020.0
010 ## - LCCN (DPL NO)
LC control number ENG-109290
020 ## - INTERNATIONAL STANDARD BOOK NUMBER
International Standard Book Number 9788172543488
Terms of availability 300.00
035 ## - SYSTEM CONTROL NUMBER
System control number EN-92823
037 ## - SOURCE OF ACQUISITION
Source of stock number/acquisition DBAD/PUB
082 ## - DEWEY DECIMAL CLASSIFICATION NUMBER
Classification number 000
100 ## - MAIN ENTRY--PERSONAL NAME
Personal name Subburaj, V.V.K.
245 ## - TITLE STATEMENT
Title SSC recruitment of sub-inspectors in Delhi police, CAPFs and assistant sub-inspectors in CISF and intelligence officer in NCB examination :
Statement of responsibility, etc by V.V.K. Subburaj
Remainder of title previous year (2011) original quesitons paper with answer included /
260 ## - PUBLICATION, DISTRIBUTION, ETC. (IMPRINT)
Place of publication, distribution, etc Chennai
Name of publisher, distributor, etc Sura College of Competition
Date of publication, distribution, etc 2013
270 ## - ADDRESS
Address 1620, 'J' Block, 16th Main Road, Anna Nagar
City Chennai
Postal code 600040
300 ## - PHYSICAL DESCRIPTION
Extent varoius pagings
Dimensions 25cm(pbk)
942 ## - ADDED ENTRY ELEMENTS (KOHA)
Source of classification or shelving scheme Dewey Decimal Classification
Item type English Books
Call number suffix SUB
Classification part 000
Holdings
Withdrawn status Lost status Not for loan Collection code Home library Current library Date acquired Source of acquisition Cost, normal purchase price Full call number Barcode Copy number Cost, replacement price Koha item type
    Not For Loan Non-fiction D.B.Act.Division D.B.Act.Division 12/02/2014 DBAD/PUB 300.00 000 SSC EN-92823 1 300.00 English Books

© Delhi Public Library
Hit Counter
free hit counter